| 000 | 00654nam a22001817a 4500 | ||
|---|---|---|---|
| 005 | 20251108170524.0 | ||
| 008 | 250721s1997 xx 000 0 ara d | ||
| 082 | 1 | 4 | _a657.8/جما |
| 100 | 1 | _aالجمال، محمد رشيد عبده | |
| 245 | 1 | 0 |
_aدراسات في المحاسبة الحكومية : _bالنسف الفكري و قضايا التطبيق / |
| 264 | 1 |
_aالإسكندرية : _bالدار الجامعية، _c1997. |
|
| 300 | _a269ص | ||
| 650 | 1 | 7 | _aالمحاسبة الحكومية |
| 650 | 1 | 7 | _aتدقيق الحسابات الحكومية |
| 650 | 1 | 7 | _aموارد الميزانية |
| 942 |
_2ddc _cBK |
||
| 999 |
_c42568 _d42568 |
||